Statystyki dla Quiz o Rzymie

Kliknij tutaj aby rozwiązać quiz!

Ogólne statystyki

  • Ten quiz został rozwiązany 4 235 razy
  • Średni wynik to 8 z 19

Statystyki odpowiedzi

WskazówkaOdpowiedź% Poprawnych
Nazwa miasta po włoskuRoma
98%
Legendarny założyciel oraz pierwszy król RzymuRomulus
69%
Starożytna arena gladiatorów, jedna z najpopularniejszych atrakcji turystycznych RzymuKoloseum
68%
Potoczna nazwa Rzymu{Wieczne} Miasto
62%
Centralny rynek starożytnego miastaForum {Romanum}
61%
Osoba, która przewodziła marszowi na Rzym 1922 r., a wkrótce potem została ogłoszona premierem WłochBenito Mussolini
58%
Określenie na Ojca ŚwiętegoPapież
56%
Określenie podziemnych miejsc pochówku pod miastemKatakumby
50%
Rzeka przepływająca przez RzymTyber
45%
Artysta, którego imieniem nazwano rzymskie lotniskoLeonardo da Vinci
33%
Jedyna stolica podobna do RzymuParyż
33%
Zestaw 174 schodów prowadzących z Piazza di Spagna{Hiszpańskie} Schody
29%
Świątynia z kopułą ukończona w 126 r.n.e., która stoi do dziśPanteon
29%
Słynna fontanna, do której ludzie wrzucają monetyFontanna di Trevi
27%
W Rzymie lata pięćdziesiąte i sześćdziesiąte były często nazywane „La Dolce Vita”. Co to oznacza w języku polskim?{Słodkie} Życie
27%
Region Włoch, w którym znajduje się RzymLacjum
24%
Wymień jedno z siedmiu wzgórz, na których leży RzymAwentyn | Celius |
Kapitol | Eskwilin | Palatyn |
Kwirynał | Wiminał
20%
Reżyser takich filmów jak „La Strada” i „8½”Federico Fellini
13%
Wymień jedną z dwóch głównych gwiazd filmu „Rzymskie wakacje” z 1953 rokuGregory Peck | Audrey Hepburn
12%

Rozkład punktacji

Percentyl według liczby udzielonych odpowiedzi

Procent ludzi z każdym wynikiem

Twoja historia wyników

Nie rozwiązałeś tego quizu